LIBRARY & INFORMATION CENTRE, KCAET, TAVANUR

ONLINE PUBLIC ACCESS CATALOGUE (OPAC)

Simulation studies on different design parameters of spurs (Groynes) (Record no. 15270)

MARC details
000 -LEADER
fixed length control field 00592nam a22001697a 4500
003 - CONTROL NUMBER IDENTIFIER
control field OSt
088 ## - REPORT NUMBER
Report number T 43
100 ## - MAIN ENTRY--AUTHOR NAME
Personal name ROY MATHEW
245 ## - TITLE STATEMENT
Title Simulation studies on different design parameters of spurs (Groynes)
260 ## - PUBLICATION, DISTRIBUTION, ETC. (IMPRINT)
Place of publication Tavanur 1995
Name of publisher Kelappaji Collge of Agricultrual Engineering and Technology
300 ## - PHYSICAL DESCRIPTION
Number of Pages 182
500 ## - GENERAL NOTE
General note Simulation studies on different design parameters of spurs (groynes)
520 ## - SUMMARY, ETC.
Summary, etc Simulation studies on different design parameters of spurs (Groynes)
700 ## - ADDED ENTRY--PERSONAL NAME
Personal name Er. Xavier K. Jacob (Guide)
942 ## - ADDED ENTRY ELEMENTS (KOHA)
Koha item type Theses
Holdings
Collection code Home library Current library Shelving location Full call number Accession Number Koha item type Public note
Reference KAUAET KAUAET Reference 631.75807 ROY/SI T 43 Theses M.Tech Thesis
free website counter